<?xml version="1.0" encoding="UTF-8"?>
<record
    xmlns:xsi="http://www.w3.org/2001/XMLSchema-instance"
    xsi:schemaLocation="http://www.loc.gov/MARC21/slim http://www.loc.gov/standards/marcxml/schema/MARC21slim.xsd"
    xmlns="http://www.loc.gov/MARC21/slim">

  <leader>00328nam a2200097Ia 4500</leader>
  <controlfield tag="001">908680</controlfield>
  <controlfield tag="005">20250826185059.0</controlfield>
  <controlfield tag="008">250824s9999    xx            000 0 und d</controlfield>
  <datafield tag="245" ind1=" " ind2="0">
    <subfield code="a">BAYRAMLIK &#x130;STEMEYEN &#xC7;OCUKLAR  &#xC7;OCUKLARIN BA&#x15E;ARISINI ARTIRMADA ANNE BABALARA  D&#xDC;&#x15E;EN G&#xD6;REVLER</subfield>
    <subfield code="c">M.EM&#x130;N KARABACAK</subfield>
  </datafield>
  <datafield tag="260" ind1=" " ind2=" ">
    <subfield code="b">TEBE&#x15E;&#x130;R YAYINLARI</subfield>
  </datafield>
  <datafield tag="999" ind1=" " ind2=" ">
    <subfield code="c">908680</subfield>
    <subfield code="d">908680</subfield>
  </datafield>
  <datafield tag="952" ind1=" " ind2=" ">
    <subfield code="0">0</subfield>
    <subfield code="1">0</subfield>
    <subfield code="4">0</subfield>
    <subfield code="7">0</subfield>
    <subfield code="a">1067</subfield>
    <subfield code="b">1067</subfield>
    <subfield code="d">2025-08-24</subfield>
    <subfield code="l">0</subfield>
    <subfield code="p">10674536</subfield>
    <subfield code="r">2025-08-26 18:50:59</subfield>
    <subfield code="w">2025-08-26</subfield>
    <subfield code="y">BK</subfield>
  </datafield>
</record>
